1456 1604 1517 1208 1672 1858 1200 1303 1450 1934 1564 1781 1146 1654 1974 1153 1276 1934 1954 1787 1771 1300 1967 1929 1708 1234 1755 1145 1003 1713 1898 1406 1625 1969 1481 1204 1399 1222 1106 1784 1011 1085 1032 1667 1030 1012 1245 1102 1758 1448 1826 1489 1156 1592 1862 1076 1392 1639 1393 1460 1684 1351 1891 1800 1525 1887 1901 1576 1087 1319 1542 1822 1557 1359 1765 1373 1291 1378 1177 1830 1426 1052 1091 1383 1796 1126 1097 1273 1408 1604 1451 1621 1702 1924 1177 1581 1468 1931 1263 BCNSPRNW ULIB Ver.6.0+V

เปลี่ยนเป็นภาษาไทย

Change to English
 แสดงรายละเอียดบรรณานุกรม
  กลับหน้าหลัก

Brief Record : Get Marc (ISO 2709) : E-mail record : QR code < ปิดหน้าต่าง
LEADER : 00000nam 2200000uu 4500
001    13399111720
003     ULIB
008    110707s2554||||th 000 0 tha d
024    9786160603428
090    นว.^bอ525อ 2554
100 0  อัญชรีย์
245 00 Aroma...กลิ่นกรุ่นอุ่นหัวใจ/^cอัญชรีย์
250    พิมพ์ครั้งที่ 4
260    กรุงเทพฯ :^bแจ่มใส,^c2554
300    248 หน้า
945    ^p159^l0^i18288
995     เกษร
999     ^aใช้งานได้ทุกระบบ
รายการนี้ยังไม่มีแท็ก
คุณยังไม่ได้ล็อกอิน คุณสามารถมีกิจกรรมร่วมกับเว็บไซต์ได้ แต่ต้องล็อกอินก่อน ::
  ล็อกอิน

รายการสื่อสารสนเทศ

ลำดับที่ ประเภท เลขเรียก/บาร์โค้ด สถานที่ สถานะ
1. นวนิยาย
นวนิยาย
นว. อ525อ 2554  
  Barcode: 18288
ห้องสมุดวิทยาเขตสวรรค์ประชารักษ์
►นวนิยาย
บนชั้น
  ขอยืม

รายการใกล้เคียง
    ผู้แต่ง [อัญชรีย์]

BibComment


ยังไม่เคยถูกคอมเมนท์

คอมเมนท์ทรัพยากรรายการนี้
  คอมเมนท์: Aromaกลิ่นกรุ่นอุ..


 Copyright 2026. Bcnsprnw @Library